Going solo : (Record no. 7050)

MARC details
000 -LEADER
fixed length control field 00846nam a22002537a 4500
001 - CONTROL NUMBER
control field 7050
003 - CONTROL NUMBER IDENTIFIER
control field FISKH
005 - DATE AND TIME OF LATEST TRANSACTION
control field 20250619124600.0
008 - FIXED-LENGTH DATA ELEMENTS--GENERAL INFORMATION
fixed length control field 250619b cb ||||| |||| 00| 0 eng d
040 ## - CATALOGING SOURCE
Original cataloging agency FISKH
Language of cataloging eng
Transcribing agency FISKH
Modifying agency FISKH
050 ## - LIBRARY OF CONGRESS CALL NUMBER
Classification number PR6054.A35 Z464
082 ## - DEWEY DECIMAL CLASSIFICATION NUMBER
Classification number 823.914
100 ## - MAIN ENTRY--PERSONAL NAME
Personal name Dahl, Roald
Dates associated with a name (1916–1990)
245 ## - TITLE STATEMENT
Title Going solo :
Remainder of title The thrilling sequel to boy /
Statement of responsibility, etc. Roald Dahl
250 ## - EDITION STATEMENT
Edition statement This edition first published in 1986
260 ## - PUBLICATION, DISTRIBUTION, ETC.
Place of publication, distribution, etc. New Zealand :
Name of publisher, distributor, etc. Puffin,
Date of publication, distribution, etc. 1986
300 ## - PHYSICAL DESCRIPTION
Extent 209 pages :
Other physical details illustrations ;
Dimensions 20 cm
505 ## - FORMATTED CONTENTS NOTE
Formatted contents note Z<br/>
520 ## - SUMMARY, ETC.
Summary, etc. As a young man working in East Africa for the Shell Company, Roald Dahl recounts his adventures living in the jungle and later flying a fighter plane in World War II.<br/>
650 ## - SUBJECT ADDED ENTRY--TOPICAL TERM
Source of heading or term Africa
Topical term or geographic name entry element Memoir
650 ## - SUBJECT ADDED ENTRY--TOPICAL TERM
Source of heading or term War
Topical term or geographic name entry element Fiction
942 ## - ADDED ENTRY ELEMENTS (KOHA)
Source of classification or shelving scheme Dewey Decimal Classification
Koha item type Books
Suppress in OPAC No
Holdings
Withdrawn status Lost status Source of classification or shelving scheme Damaged status Not for loan Collection Home library Current library Shelving location Date acquired Total Checkouts Full call number Barcode Date last seen Copy number Price effective from Koha item type
    Dewey Decimal Classification     Fiction Footprints International School Library Network Toul Tom Poung Campus Footprints International School Library Network Toul Tom Poung Campus TTP Secondary Fiction Bookshelves 06/19/2025   DAH 823.914 PR6054.A35 Z464 2025-1669 06/19/2025 1 06/19/2025 Books